| 000 | 00364nam a2200133Ia 4500 | ||
|---|---|---|---|
| 008 | 240624s9999 xx 000 0 und d | ||
| 041 | _aeng | ||
| 082 | _a300 KUN | ||
| 100 | _aKUNNATH GEORGE J | ||
| 245 | _aREBELS FROM THE MUD HOUSES DALITS AND TH | ||
| 260 |
_c2012 _aNew Delhi _bSocial Science Press |
||
| 300 | _axviii, : 247 : p. : cm. ; 22 | ||
| 365 |
_cRS _b30 |
||
| 999 |
_c19793 _d19793 |
||